[Event "91st GER-ch 2020"]
[Site "Magdeburg"]
[Date "2020.08.16"]
[Round "1.10"]
[White "Pfreundt, Jakob"]
[Black "Tschernatsch, Johannes"]
[Result "1-0"]
[WhiteElo "2397"]
[BlackElo "2221"]
[Annotator "TA"]
[PlyCount "63"]
[EventDate "2020.08.16"]
[EventType "swiss"]
[EventCountry "GER"]
[SourceTitle "playchess.com"]
[Source "ChessBase"]
[SourceQuality "1"]

{[%evp 13,63,28,31,37,77,60,74,64,99,52,48,41,28,27,12,13,46,45,65,44,59,37,37,37,37,35,58,54,168,136,208,192,208,204,212,201,205,210,589,563,616,610,615,638,633,625,603,587,573,558,1007,810]} 1. c4 Nf6 2. Nc3 d5 3. cxd5 Nxd5 4. g3 Nxc3 5. bxc3 g6 6. Bg2 Bg7 7. Rb1 c6 8. h4 {A16: English Opening: 1...Nf6 with ...d5.} h5 9. Nf3 O-O 10. O-O {[#] White is better.} e5 $146 ({Predecessor:} 10... Nd7 11. Ng5 Qa5 12. Qc2 Nb6 13. Rb3 Nc4 14. d3 Nd6 15. c4 Qc7 16. c5 Nf5 {1-0 (49) Adamko,P (2341)-Lehtosaari,J (2359) ICCF email 2012}) 11. Ba3 Re8 12. Ng5 {[#] aiming for Qb3.} Bf6 13. f4 exf4 14. gxf4 b6 15. e4 Bxg5 16. fxg5 $40 {[%mdl 128] White mounts an attack.} Qd3 17. Qf3 ({Much weaker is} 17. Qb3 Be6 $17) 17... Qxf3 18. Rxf3 Be6 19. Rb2 c5 20. d4 cxd4 (20... Nd7 $14) 21. cxd4 $18 Rd8 (21... Nd7 $16 22. Rc3 a5) 22. d5 Bg4 23. Rf4 Nd7 24. Rbf2 Ne5 {[#]} 25. Bf1 $1 Rac8 $2 (25... a6 26. Bb2 Re8) 26. Bb2 {White is clearly winning.} Re8 27. Bb5 Re7 28. d6 {[%cal Bd5d6,Bd6d7][%mdl 32]} Re6 29. d7 Rd8 30. Bxe5 Rxe5 31. Rxf7 {Threatening mate with Rf8+!} Rf5 32. Re7 {Accuracy: White = 94%, Black = 45%.} 1-0

[Event "91st GER-ch 2020"]
[Site "Magdeburg"]
[Date "2020.08.16"]
[Round "1.11"]
[White "Schulte, Felix"]
[Black "Miller, Eduard"]
[Result "0-1"]
[WhiteElo "2176"]
[BlackElo "2392"]
[Annotator "TA"]
[PlyCount "104"]
[EventDate "2020.08.16"]
[EventType "swiss"]
[EventCountry "GER"]
[SourceTitle "playchess.com"]
[Source "ChessBase"]
[SourceQuality "1"]

{[%evp 13,104,22,29,16,14,26,55,53,62,66,80,70,72,71,72,60,79,77,84,39,29,26,108,122,114,108,95,94,132,136,387,372,254,60,52,52,95,11,10,25,14,14,20,0,-19,-273,-103,-116,-119,-102,-108,-156,-72,-84,-47,-75,60,31,225,-51,384,-206,0,0,0,0,621,633,663,639,1014,547,793,793,933,944,787,0,0,0,0,-1714,-1641,-1575,-1474,-29984,-29980,-29978,-29979,-29970,-6386,-5197,-2134]} 1. d4 f5 2. g3 Nf6 3. Bg2 e6 4. Nh3 d5 5. O-O Bd6 6. c4 O-O 7. b3 c6 8. Nd2 {A90: Dutch Defence: Miscellaneous and Modern Stonewall (with ...Bd6).} Nbd7 9. Nf3 {[#]} h6 $146 ({Predecessor:} 9... Qe7 10. Bf4 Ne4 11. Qc2 Ndf6 12. Rad1 Bd7 13. Bxd6 Nxd6 14. Ne5 Be8 15. Nf4 Bh5 {1-0 (42) Li,S (1898)-Antonova,N (1930) Qingdao 2019}) 10. Nf4 {White is slightly better.} Bxf4 11. Bxf4 g5 12. Bd6 Rf7 13. Qd3 Ne4 14. Ba3 Qa5 15. Bb2 b6 16. Ne5 Nxe5 17. dxe5 b5 (17... Ba6 $11) 18. cxd5 $16 cxd5 19. g4 b4 20. gxf5 exf5 21. Rfc1 {Rc6 is the strong threat.} Kh7 $2 {[%mdl 8192]} (21... Qb6 $16 {might work better.}) 22. Rc6 $18 Bb7 23. Rc2 $2 ({White must play} 23. Rac1 $1 $18 Bxc6 24. Rxc6) 23... Nc5 $14 24. Qd2 Qb5 25. Rac1 (25. Bf1 $16) 25... Ne6 $1 $11 26. e3 a5 27. Bf1 Qd7 28. Bd3 d4 {White must now prevent ...Qd5.} 29. f3 $2 {[%mdl 8192]} (29. Bc4 $1 $11) 29... Bxf3 $2 (29... Rd8 $1 $19 {Strongly threatening ...dxe3.} 30. Bf1 d3) 30. exd4 Bd5 31. Qf2 Nf4 32. Bf1 Bb7 ({Black should try} 32... a4 33. Qg3 Re7) 33. Rc5 $17 a4 34. Qe3 Ne6 ({Black should play} 34... a3 $17 35. Ba1 Rd8) 35. Bb5 $14 Qe7 $2 (35... Qd8 $1 $14) 36. R5c2 $2 (36. d5 $1 $18 {[%cal Rd5e6]} Nxc5 37. Rxc5) 36... f4 $2 {[%mdl 8192]} (36... a3 $15 {stays ahead.} 37. Ba1 Nf4) 37. Bd3+ $4 {[%mdl 8192] [#]} (37. Qd3+ $18 Kg7 38. d5 (38. Bxa4 f3 $11) (38. bxa4 Bd5 $16)) 37... Kg8 $2 (37... Kg7 $1 $19 38. Qh3 a3) 38. Qh3 $11 {Threatens to win with Bc4.} axb3 (38... a3 $5 39. Ba1 $8 Qd7 $11) 39. axb3 {And now Rc6! would win.} Ra2 $2 {[%mdl 8192]} (39... Qd7 $11) 40. Bc4 $18 Bc8 41. Qxh6 {Threatening mate with Bd5!} f3 42. Rf2 g4 {If Black can now play ...Qg5 this consolidates a bit.} 43. d5 Rh7 44. Qd2 g3 45. Rxf3 $2 (45. hxg3 $18 Qg7 46. dxe6 Qxg3+ {[#]} 47. Rg2 $1 {[%mdl 512]} Rh1+ {[%mdl 64] Decoy} 48. Kxh1 Qxg2+ 49. Qxg2+ fxg2+ 50. Kg1) 45... Qa7+ $11 46. Kf1 $1 gxh2 47. Qg2+ $4 {[%mdl 8192]} (47. Kg2 $11 h1=B+ 48. Rxh1 Nf4+ 49. Rxf4 Qg7+ 50. Kf3 Rxh1 51. Qf2) 47... Rg7 $19 {( -> ...Qg1+)} 48. Qxh2 {[#]} Rxb2 $1 {[%mdl 512]} 49. Rf2 (49. Qxb2 Qg1+) 49... Rxf2+ 50. Qxf2 {[#]} Rf7 $1 {[%csl Gf7][%cal Ra7f2][%mdl 64] Pin} 51. Rc2 Rxf2+ (51... Qa1+ $142 52. Ke2 Qxe5+ 53. Kf1 Qa1+ 54. Ke2 Rxf2+ 55. Kxf2 Qd4+ 56. Kg3 Qf4+ 57. Kg2 Qe4+ {[%mdl 64] Double Attack} 58. Kg1 Qxc2 59. dxe6 Kf8 60. Kf1 Ke7 61. Kg1 Bxe6 62. Bf1 Bxb3 63. Bg2 Be6 64. Kf1 b3 65. Be4 Qxe4 66. Kf2 b2 67. Kg3 b1=Q 68. Kh2 Bd7 69. Kg3 Qg1#) 52. Rxf2 Qa1+ {What a bad dream for White. Accuracy: White = 51%, Black = 43%.} 0-1

[Event "91st GER-ch 2020"]
[Site "Magdeburg"]
[Date "2020.08.16"]
[Round "1.12"]
[White "Muckle, Julius"]
[Black "Gustain, Marc"]
[Result "1-0"]
[WhiteElo "2386"]
[BlackElo "2173"]
[Annotator "TA"]
[PlyCount "43"]
[EventDate "2020.08.16"]
[EventType "swiss"]
[EventCountry "GER"]
[SourceTitle "playchess.com"]
[Source "ChessBase"]
[SourceQuality "1"]

{[%evp 19,43,-4,0,-6,-8,-29,-10,-33,10,32,189,179,153,144,542,528,1994,1921,2717,2660,29977,29978,2146,914,29988,29984]} 1. d4 d5 2. c4 dxc4 3. Nf3 Nf6 4. e3 e6 5. Bxc4 a6 6. O-O b5 7. Bb3 Bb7 8. a4 Nbd7 9. Qe2 b4 10. Nbd2 c5 11. e4 {Black should prevent d5. D29: Queen's Gambit Accepted: Classical main line: 7 Qe2 with early ...Nbd7.} cxd4 {Strongly threatening ...Nc5.} 12. e5 $1 {[%cal Re5f6]} Nd5 {White must now prevent ...Nf4.} 13. Ne4 {The position is equal.} Qb8 14. a5 Nxe5 $2 {[#]} (14... Be7 $14) 15. Ba4+ $1 $18 Nd7 {[#]} 16. Nxd4 $146 {Hoping for Ng5.} ({Predecessor:} 16. Neg5) 16... Qd8 $2 {[%mdl 8192] Loses the game.} (16... Be7 $16 {is more resistant.}) 17. Bg5 N5f6 18. Nxf6+ gxf6 {[#]} 19. Nxe6 $1 {[%mdl 512]} fxe6 20. Qxe6+ Be7 {[#]} 21. Bxf6 (21. Rad1 $142 $1 {[%mdl 512]} Bc8 22. Bxf6) 21... Rf8 22. Rfe1 {Accuracy: White = 83%, Black = 22%.} 1-0

[Event "91st GER-ch 2020"]
[Site "Magdeburg"]
[Date "2020.08.16"]
[Round "1.13"]
[White "Hundack, Rolf"]
[Black "Hess, Max"]
[Result "0-1"]
[WhiteElo "2126"]
[BlackElo "2378"]
[Annotator "TA"]
[PlyCount "98"]
[EventDate "2020.08.16"]
[EventType "swiss"]
[EventCountry "GER"]
[SourceTitle "playchess.com"]
[Source "ChessBase"]
[SourceQuality "1"]

{[%evp 16,98,4,11,0,8,22,10,31,27,40,36,58,35,37,31,28,40,31,38,39,23,32,18,55,53,54,18,12,21,16,-20,20,0,10,0,18,0,0,0,0,0,0,0,4,0,24,0,0,0,0,0,0,0,0,0,0,0,0,-139,-121,-144,-131,-219,-212,-213,-214,-214,-213,-214,-211,-486,-499,-525,-518,-616,-577,-577,-573,-666,-664,-664,-657,-621,-620]} 1. d4 Nf6 2. Nf3 g6 3. g3 Bg7 4. Bg2 O-O 5. O-O d6 6. b3 c5 7. Bb2 cxd4 8. Nxd4 d5 9. Na3 e5 {A49: 1 d4 Nf6 2 Nf3 g6 3 g3: Anti-King's Indian systems.} 10. Nf3 e4 11. Nd4 $1 Nc6 {The position is equal.} 12. c4 {[#]} Re8 $146 ({Predecessor:} 12... Nxd4 13. Bxd4 Qa5 14. Qc1 dxc4 15. Nxc4 Qa6 16. Qb2 Bf5 17. Ne3 Rfd8 18. Rac1 Rd7 19. Nxf5 gxf5 {1-0 (44) Mirzoev,A (2510)-Etchegaray,P (2420) Elgoibar 2011}) 13. Rc1 Bg4 14. h3 {[#] Nxc6 is the strong threat.} Bd7 15. cxd5 Nxd5 16. Nc4 Nxd4 17. Bxd4 Bc6 18. Bxg7 Kxg7 19. Qd4+ Qf6 20. Rfd1 Rad8 21. Qxf6+ Nxf6 22. Nd6 Rf8 23. g4 h6 24. Nc4 Rfe8 25. Nd6 Rf8 26. Nc4 Bb5 27. e3 Bxc4 28. Rxd8 Rxd8 29. Rxc4 $11 {[%mdl 4096] Endgame KRB-KRN} Rd1+ 30. Bf1 b5 31. Rc5 a6 32. a4 Nd7 33. Rc7 Ne5 34. axb5 axb5 35. Kg2 Nf3 36. Re7 Rc1 37. Rxe4 (37. Rb7 $11 {remains equal.}) 37... Nd2 $1 $17 {[%csl LRb3,LRe4,LRf1][%mdl 64] [#] Double Attack} 38. Re5 Nxf1 39. Rxb5 {KRN-KR} (39. Rd5 $17) 39... Nd2 $19 40. b4 Rc2 41. Re5 Rb2 42. b5 Kf6 43. Rc5 $2 (43. Re8) 43... Ne4 {Black is clearly winning.} 44. Rc6+ Ke5 45. h4 Rxf2+ 46. Kg1 Rb2 47. h5 gxh5 48. gxh5 Nd6 49. b6 Kd5 {Accuracy: White = 72%, Black = 93%.} 0-1

[Event "91st GER-ch 2020"]
[Site "Magdeburg"]
[Date "2020.08.16"]
[Round "1.14"]
[White "Koellner, Ruben Gideon"]
[Black "Falke, Isaak"]
[Result "1-0"]
[WhiteElo "2376"]
[BlackElo "2113"]
[Annotator "TA"]
[PlyCount "49"]
[EventDate "2020.08.16"]
[EventType "swiss"]
[EventCountry "GER"]
[SourceTitle "playchess.com"]
[Source "ChessBase"]
[SourceQuality "1"]

{[%evp 9,49,50,91,83,69,66,84,71,159,155,161,159,189,133,141,114,129,133,131,131,120,125,127,123,195,192,194,166,291,279,304,310,427,433,475,346,322,304,785,779,1332,1037]} 1. d4 f5 2. Bg5 g6 3. Nc3 Bg7 4. h4 Nf6 5. e3 d6 6. h5 {[#] A80: Dutch Defence: Unusual White second moves.} Nxh5 $146 ({Predecessor:} 6... Ne4 7. Nxe4 fxe4 8. hxg6 hxg6 9. Rxh8+ Bxh8 10. c3 c6 11. Qc2 Qa5 12. Bf4 g5 {½-½ (53) Spencer,C (2126)-Anbukumar,H (1921) England 2017}) 7. Rxh5 {aiming for Bh6.} h6 8. Bc4 {Black must now prevent Bf4.White is better.} (8. Bb5+ c6 $15) 8... gxh5 (8... c6 $142) 9. Bh4 $16 ({Don't play} 9. Qxh5+ $6 Kd7 $14) 9... c6 10. Qxh5+ Kd7 11. Qg6 ({But not} 11. Qxf5+ $6 Kc7 $14) (11. Nh3 $18) 11... Qf8 {[#]} 12. Be6+ $1 Kc7 13. Bxc8 Kxc8 14. Qe6+ {[%mdl 64] Double Attack} Kd8 15. Qxd6+ $1 Nd7 16. Qb4 $36 {[%mdl 3072] White has strong compensation. White is in control.} b6 (16... Kc8 $16) 17. Nge2 $18 Bf6 18. Bg3 Qf7 (18... Rc8 {keeps fighting.}) 19. Qa4 Rc8 20. O-O-O ({Much less strong is} 20. Qxa7 $6 h5 $18) 20... a5 21. d5 c5 22. Nf4 Bxc3 23. bxc3 Qf6 $2 {[#]} (23... Ke8 24. Nd3 Qf6) 24. d6 $1 {[%mdl 512]} e5 {[#]} (24... exd6 25. Bh4) 25. Bh4 $1 {[%mdl 512] Accuracy: White = 86%, Black = 38%.} 1-0

[Event "91st GER-ch 2020"]
[Site "Magdeburg"]
[Date "2020.08.16"]
[Round "1.15"]
[White "Michalowski, Peter"]
[Black "Andre, Gordon"]
[Result "0-1"]
[WhiteElo "2106"]
[BlackElo "2373"]
[Annotator "TA"]
[PlyCount "100"]
[EventDate "2020.08.16"]
[EventType "swiss"]
[EventCountry "GER"]
[SourceTitle "playchess.com"]
[Source "ChessBase"]
[SourceQuality "1"]

{[%evp 9,100,19,31,0,23,25,27,18,33,22,58,23,25,15,16,9,40,41,41,32,41,-43,-42,-41,-23,-15,-20,-34,0,-44,-27,-90,-92,-131,-116,-139,-167,-143,0,-140,-132,-132,-139,-193,-54,-108,-90,-159,-163,-158,-158,-164,-156,-150,-150,-144,-72,-68,-76,-100,-98,-92,-27,-28,-31,-79,-83,-119,-114,-93,-39,-121,-139,-200,-195,-178,-183,-248,-198,-270,-143,-129,-12,-21,-15,-56,-42,-132,-115,-115,-120,-4722,-389]} 1. e4 c6 2. d4 d5 3. e5 Bf5 4. Nf3 e6 5. Be2 Ne7 6. Nbd2 {B12: Caro-Kann: Advance Variation.} h6 (6... c5 $5) 7. O-O Nd7 8. Nb3 {White has an edge.} g5 9. a4 a5 10. Be3 Bg7 {[#]} 11. c3 $146 ({Predecessor:} 11. Ne1 Bg6 12. Nd3 Nf5 13. Bh5 Bxh5 14. Qxh5 Qe7 15. Bd2 b6 16. f4 c5 17. dxc5 bxc5 {½-½ (75) Vedder,R (2208)-Nieminen,S (2161) Novi Sad 2016}) 11... O-O 12. Qd2 Bh7 13. h4 g4 14. Nh2 h5 15. Bh6 (15. Bg5 $14) 15... Nf5 $15 16. Bxg7 Kxg7 17. g3 f6 $36 {[%mdl 2048] Black has good play.} 18. exf6+ Rxf6 19. Rfe1 Qc7 {Hoping for ...Nxg3!} 20. Nf1 (20. Bd3 $1 $11) 20... e5 $17 21. Qg5+ Bg6 22. Bxg4 hxg4 23. h5 Raf8 (23... e4 $17 24. hxg6 Raf8) 24. Ne3 (24. Nh2 $1 $11 {was the only way to keep the balance.} Rh8 25. hxg6) 24... Nxe3 25. Rxe3 {[%cal Rd4e5]} e4 $1 26. Qxg4 (26. Rae1 $17 {might work better.}) 26... R8f7 (26... Rh8 $1 $19 {[%cal Rh8h5]} 27. hxg6 Rxg6) 27. Re2 (27. Rf1 $15) 27... Nf8 28. Nd2 ({Avoid the trap} 28. hxg6 $2 Rxg6 29. Qh5 Kg8 $19) (28. Nc5 $142) 28... Kh8 $1 29. hxg6 Rxg6 30. Qh5+ Rh7 $1 {[%cal Rh7h5]} 31. Qe5+ Qxe5 32. dxe5 Rgh6 ({Black should play} 32... Nd7 33. Nxe4 dxe4 34. Rxe4 Rgh6) 33. Nf1 Ne6 34. f4 exf3 35. Rh2 Ng5 (35... Rxh2 $17 36. Nxh2 Ng5) 36. Rxh6 $11 Rxh6 {[%mdl 4096] Endgame KRN-KRN} 37. Kf2 Kg7 38. b4 axb4 39. cxb4 Rh1 (39... Kg6 $17 40. Re1 Kf5) 40. Rb1 (40. Rd1 $15) 40... Kf7 $1 $17 41. b5 {[#]} (41. Ke3 $17) 41... cxb5 $1 $19 42. axb5 Ke6 43. Re1 (43. b6 $142) 43... b6 44. g4 (44. Ra1 $142) 44... Ne4+ (44... Rh3 $19 {Strongly threatening ...Ne4+.} 45. Nd2 d4) 45. Kxf3 $17 {[#]} Kxe5 (45... Rg1 $1 $17 46. Ke2 Rxg4) 46. Kg2 $11 Rh8 47. Ne3 Rc8 48. g5 (48. Rf1 $15) 48... Rg8 ({But not} 48... Nxg5 $6 49. Nc4+ Kd4 50. Nxb6 $11) 49. Rd1 Rxg5+ 50. Kf3 $2 {[%mdl 8192]} (50. Kf1 $17) 50... Rg3+ {Accuracy: White = 38%, Black = 65%.} 0-1

[Event "91st GER-ch 2020"]
[Site "Magdeburg"]
[Date "2020.08.16"]
[Round "1.16"]
[White "Nguyen, Alex Dac-Vuong"]
[Black "Geue, Niklas"]
[Result "1/2-1/2"]
[WhiteElo "2366"]
[BlackElo "2043"]
[Annotator "TA"]
[PlyCount "70"]
[EventDate "2020.08.16"]
[EventType "swiss"]
[EventCountry "GER"]
[SourceTitle "playchess.com"]
[Source "ChessBase"]
[SourceQuality "1"]

{[%evp 18,70,6,1,0,-33,-31,-38,-31,-43,-45,-53,-34,-31,-36,-46,-43,-82,-79,-73,-52,-58,-50,-53,-46,-53,-52,-60,-44,-78,-78,-78,-78,-78,-78,-78,-36,-32,-40,-41,-33,-32,-15,-15,-15,-15,-15,-15,-8,-12,0,-15,0,-10,0]} 1. e4 e6 2. d4 d5 3. Nc3 Nf6 4. e5 Nfd7 5. f4 c5 6. Nf3 Nc6 7. Be3 a6 8. Qd2 b5 9. Be2 Qb6 10. Nd1 a5 {[#] C11: French: Classical System: 4 e5 and 4 Bg5 dxe4.} 11. dxc5 $146 (11. O-O {with more complications.} Be7 12. Nf2 O-O 13. Rfc1 b4 14. c3) ({Predecessor:} 11. O-O b4 12. c3 Ba6 13. Bxa6 Qxa6 14. Nf2 bxc3 15. bxc3 cxd4 16. cxd4 Nb6 17. f5 Nc4 18. Qd3 exf5 {½-½ (37) Liang,A (2600)-Shetty,A (2420) Chicago 2019}) 11... Bxc5 12. Bxc5 Nxc5 {Black is slightly better.} 13. Nf2 O-O {aiming for ...Ne4.} 14. Nd4 Ba6 15. Nxc6 Qxc6 16. O-O b4 17. b3 Bxe2 18. Qxe2 a4 19. Qd2 Qb6 20. Qd4 Rfb8 21. Rfb1 h6 22. g3 Ra6 23. bxa4 Rxa4 24. Nd3 {[#]} Nxd3 $1 25. Qxb6 Rxb6 26. cxd3 $17 {[%mdl 4096] Endgame KRR-KRR} Rc6 27. Rb2 Rc3 28. Rd1 Raa3 29. Rbd2 b3 30. axb3 {The position is equal.} Rcxb3 31. Kf2 Rb4 32. Ke3 Re4+ 33. Kf2 Rb4 34. Ke3 Re4+ 35. Kf2 Rb4 {Accuracy: White = 85%, Black = 95%.} 1/2-1/2

[Event "91st GER-ch 2020"]
[Site "Magdeburg"]
[Date "2020.08.16"]
[Round "1.17"]
[White "Neurohr, Juergen"]
[Black "Braun, Georg"]
[Result "0-1"]
[WhiteElo "2022"]
[BlackElo "2360"]
[Annotator "TA"]
[PlyCount "46"]
[EventDate "2020.08.16"]
[EventType "swiss"]
[EventCountry "GER"]
[SourceTitle "playchess.com"]
[Source "ChessBase"]
[SourceQuality "1"]

{[%evp 15,46,-8,-13,-18,-16,-12,-10,-33,-34,-56,0,-128,-108,-197,-114,-127,-127,-258,-241,-243,-243,-296,-251,-304,-214,-275,-277,-270,-269,-464,-438,-630,-618]} 1. c4 e6 2. d4 Nf6 3. g3 d5 4. Bg2 Be7 5. Nf3 O-O 6. O-O dxc4 7. Na3 Bxa3 8. bxa3 {[%cal Bb2a3,Ba3a4][%mdl 32]} b5 9. a4 {E05: Open Catalan: 5 Nf3 Be7.} a6 10. Ba3 Re8 11. Ne5 {The position is equal.} Nd5 12. e4 $1 {[%cal Re4d5]} Nf6 {[#]} (12... Nb6 $15) 13. f4 $146 (13. Nxf7 $11 Kxf7 14. e5) ({Predecessor:} 13. Nxf7 Kxf7 14. e5 c6 15. exf6 Qxf6 16. Be4 g6 17. Bd6 Bb7 18. axb5 axb5 19. a4 {1-0 (40) Baasansuren,E (2240)-Itgelt,K (2119) Ulaanbaatar 2018}) 13... Bb7 $17 14. f5 {[#]} (14. Re1 $17 {was necessary.}) 14... Nc6 (14... Bxe4 15. fxe6 fxe6 {[#]} 16. Rxf6 $1 $16 {[%mdl 512]} (16. Bxe4 Nxe4 17. Qh5 Qxd4+ 18. Kh1 Nd7 $17)) (14... exf5 $1 $19 15. Rxf5 Nbd7 16. Nxf7 Kxf7) 15. fxe6 fxe6 16. Bb2 {White does not recover from this.} (16. Nxc6 $17 Bxc6 17. Re1) 16... Nxe5 $19 17. dxe5 Nd7 ({But not} 17... Nxe4 18. Rf4) 18. Qh5 ({Much worse is} 18. axb5 axb5 19. Bd4 Qe7) 18... Qe7 19. Rad1 Rf8 20. Rf4 Rxf4 21. gxf4 b4 ({Not} 21... bxa4 22. Qh3 $15) 22. f5 $2 (22. Bd4) 22... c3 23. f6 (23. Bc1 $142 Nxe5 24. Qe2) 23... Qc5+ {[%mdl 64] Double Attack. Accuracy: White = 27%, Black = 61%.} 0-1

[Event "91st GER-ch 2020"]
[Site "Magdeburg"]
[Date "2020.08.17"]
[Round "2.1"]
[White "Miller, Eduard"]
[Black "Graf, Alexander"]
[Result "0-1"]
[WhiteElo "2392"]
[BlackElo "2569"]
[Annotator "TA"]
[PlyCount "154"]
[EventDate "2020.08.16"]
[EventType "swiss"]
[EventCountry "GER"]
[SourceTitle "playchess.com"]
[Source "ChessBase"]
[SourceQuality "1"]

{[%evp 25,154,12,32,0,10,-227,-221,-209,-207,-217,-214,-229,-216,-253,-245,-281,-283,-338,-285,-287,-277,-278,-253,-276,-279,-427,-358,-352,-344,-336,-348,-403,-395,-380,-383,-417,-383,-506,-500,-547,-558,-523,201,200,187,135,167,-31,-42,-97,-12,-10,-12,-12,-12,-15,0,-156,-60,-73,-25,-211,-189,-183,-193,-192,-183,-183,-170,-141,-149,-148,-95,-539,-529,-1171,-673,-476,-73,-73,-73,-73,-73,-73,-73,-73,-73,-73,-73,-73,-73,-73,-73,-73,-73,-73,-73,-73,-73,-73,-73,-73,-73,-74,-74,-74,-74,-74,-74,-74,-74,-74,-74,-74,-74,-80,-80,-80,-80,-80,-80,-29986,-29987,-29987,-29988,-29988,-29989,-29989,-29990,-29990,-29991]} 1. e4 c5 2. Nf3 d6 3. d4 cxd4 4. Nxd4 Nf6 5. Nc3 e6 6. Be3 a6 7. Bc4 b5 8. Bb3 Bb7 9. f3 Nbd7 10. a3 Rc8 11. Qd2 Ne5 12. O-O-O Be7 13. g4 O-O {[#]} 14. g5 $146 {B87: Sicilian Scheveningen/Najdorf: 6 Bc4, with early ...b5.} ({Predecessor:} 14. h4 Nc4 15. Bxc4 Rxc4 16. h5 Qd7 17. g5 Ne8 18. Rdg1 d5 19. e5 b4 20. axb4 Bxb4 21. g6 a5 22. gxh7+ {0-1 (32) Bagheri,T-Kuzniatsova,A (1994) Kemer 2007}) 14... Nfd7 15. Nxe6 $2 (15. Rhg1 $11 {and White has nothing to worry.}) 15... fxe6 $19 16. Bxe6+ {Black is clearly better.} Kh8 17. f4 Nc4 18. Bxc4 Rxc4 ({Don't do} 18... bxc4 19. Rhf1 $17) 19. b3 Rc8 20. Nd5 Nc5 {And now ...Nxb3+ would win.} 21. Bxc5 Rxc5 22. Rhe1 Bxd5 23. exd5 Qd7 24. Qd4 Rf5 25. Re6 (25. Qe4 $142 Bf8 26. Qe6) 25... Bf8 26. Qe4 Qf7 27. Rd4 Rc8 28. h4 g6 29. Qe3 {[#]} Qc7 $1 {[%csl Gc8][%cal Rc7c2]} 30. c4 Qc5 31. b4 Qa7 32. Kb1 bxc4 33. h5 Bg7 $4 {[%mdl 8192] [#]} (33... gxh5 $19 34. Ree4 c3) 34. Rxc4 $1 $18 {[%mdl 512]} Ra8 {[#]} (34... Rxc4 35. Qxa7) 35. Rc8+ $1 {[%mdl 512]} Bf8 (35... Rxc8 36. Qxa7) 36. Qxa7 $2 ({White has to play} 36. Qc3+ $18 Kg8 37. Rc7 Rxg5 38. Rxa7 Rg1+ 39. Kc2 Rxa7 40. Qc8 gxh5 41. Rxd6) 36... Rxa7 $15 37. h6 (37. hxg6 $15 hxg6 38. Rxd6) 37... Rxf4 ({Black should play} 37... Rd7 $1 $17 38. Re4 Kg8) 38. Rxd6 $1 $11 Kg8 39. Rdd8 $1 Raf7 40. d6 $1 Rd4 41. Rc6 $2 (41. Kb2 $11) 41... Rf2 ({Black should try} 41... Rd2 $17 {aiming for ...Rf1+.} 42. d7 Rfxd7 43. Rxd7 Rxd7 44. Rxa6 Rd5) 42. d7 $1 $15 Kf7 {With the idea ...Ke7.} 43. Rcc8 $2 (43. Rc2 $11 Rxc2 44. Kxc2) 43... Be7 44. Rh8 Rd1+ ({Stronger than} 44... Rxd7 45. Rxh7+ Ke6 46. Rc6+ Rd6 47. Rxd6+ Bxd6 48. Rg7 $11) 45. Rc1 Rxc1+ ({Not} 45... Rxd7 46. Re1 $11) 46. Kxc1 Bxg5+ $19 {[%mdl 4160] Endgame Double Attack. KRB-KR} 47. Kb1 Rd2 $1 {Strongly threatening ...Bf6.} 48. Rxh7+ Ke6 (48... Kf6 $142 49. a4 Bf4) 49. a4 $2 {[%mdl 8192] [#]} (49. Rh8 $17 {is tougher.} Rxd7 50. h7) 49... Bf6 $1 50. b5 axb5 51. axb5 {and the idea b6 leaves White hopeful.} Rb2+ $2 (51... Rd6 $19 {and Black stays clearly on top. Hoping for ...g5.} 52. Kc2 g5) 52. Kc1 $17 Rxb5 {[#]} 53. Rg7 $1 {[%mdl 512]} Rd5 (53... Bxg7 54. d8=Q) 54. Rxg6 Rxd7 55. Kc2 Rh7 56. Kd3 Kf5 57. Rg8 Rxh6 58. Rf8 Rh4 59. Ke3 Rh3+ 60. Ke2 Ke5 61. Rf7 Bg5 62. Rg7 Kf5 63. Rg8 Bf4 64. Re8 Be5 65. Re7 Ke4 66. Re8 Rh2+ 67. Kd1 Kd4 68. Re7 Ra2 69. Ke1 Bg3+ 70. Kf1 Kd3 71. Re8 Bf4 72. Re7 Be3 {( -> ...Rf2+)} 73. Re8 $2 {[%mdl 8192]} (73. Rf7 $17) 73... Rf2+ {Black mates.} 74. Ke1 Rf7 75. Rd8+ Bd4 76. Rd5 Ra7 {[%cal Ra7a1]} 77. Kf1 {[#]} Rg7 $1 {Accuracy: White = 61%, Black = 84%.} 0-1